000
00329nam a22001337a 4500
008
171003b xxu||||| |||| 00| 0 eng d
020
_a
9780195173642
041
_a
eng
080
_a
159.9
100
_a
48
101
_a
PSI
245
_a
TREATING AND PREVENTING ADOLESCENT MENTAL HEALTH DISORDERS
_c
EVANS,D.L
942
_2
udc
_c
BK
999
_c
31336
_d
31336